01326cam a2200325 i 450000100090000000300090000900500170001800800410003502000220007602000180009804000380011608200210015410000350017524501120021025000210032226400950034330000400043833600260047833700280050433800270053249000650055950400520062465000560067665300250073265500170075770000430077494200120081799900170082995201540084613944055EG-ScBUE20240320104806.0050427r20082005e d f b 001 0 eng d a0521616336 (pbk.) a9780521616331 aDLCbengerdacDLCdDLCdEG-ScBUE04a940.309222bWIN1 aWinter, J. M.,eauthor.93743614aThe great war in history :bdebates and controversies, 1914 to the present /cJay Winter and Antoine Prost. aFourth printing. 1aCambridge, United Kingdom ;aNew York, United States :bCambridge University Press,c2008. aviii, 250 pages :bcharts ;c24 cm. 2rdacontentatextbtxt aunmediated2rdamediabn avolumebnc2rdacarrier0 aStudies in the social and cultural history of modern warfare aIncludes bibliographical references and index.  7aWorld War, 1914-1918xHistoriography.2BUEsh937437 bBUSBOLcFebruary2015 vReading book1 aProst, Antoine,d1933-eauthor.937438 2ddccBB c18990d18962 00102ddc40708BaccahaMAINbMAINc2NDd2015-02-17ePurchaseg247.00h21291l0o940.309 WINp000037413r2025-07-15 00:00:00v309.00w2015-02-17yBB